000 01309nam a2200241Ia 4500
999 _c55966
_d55966
001 23065
003 GE_BSU
005 20230609145320.0
008 181216s1977ge xx |||||||||||||| ||geo||
040 _cGE_BSU
041 _ageo
080 _a821.14'01-13 ო-66
245 _aორფიკული არგონავტიკა /
_cძველბერძნულიდან თარგმნა და გამოკვლევა დაურთო ნ. მელაშვილმა ; შენიშვნები და საძიებელი აკ. ურუშაძისა
264 _aთბილისი :
_bთბილ. უნ-ტის გამ-ბა,
_c1977.
300 _a138 გვ. ;
_b 20 სმ.
440 _aთბილ. უნ-ტის ბერძნულ-ლათინური ბიბ-კა.
_918596
501 _aსაძიებელი: გვ. 133-137
546 _aპარალ. სათ. რუს. და ინგლ. ენ.
653 _aორფიკული არგონავტიკა
700 _a მელაშვილი, ნ
_eმთარგმნელი
_918597
700 _aურუშაძე, აკ
_eშენიშვნები და საძიებელი
_916070
942 _cBK
_2udc